<The> 2019 Elections to the European Parliament
Slovensko a voľby do Európskeho parlamentu 2019. Význam volieb pre krajinu. Pridelené mandáty. Vývoj na slovenskej politickej scéne v blízkej budúcnosti.
Uložené v:
| Hlavný autor: | |
|---|---|
| Médium: | Kapitola |
| Jazyk: | English |
| Predmet: | |
| Tagy: |
Žiadne tagy, Buďte prvý, kto otaguje tento záznam!
|
MARC
| LEADER | 00000naa a2200000 4500 | ||
|---|---|---|---|
| 001 | 0260982 | ||
| 005 | 20240502083746.7 | ||
| 041 | 0 | |a eng | |
| 044 | |a HU | ||
| 245 | 1 | 0 | |a <The> 2019 Elections to the European Parliament |c Juraj Ondriaš |
| 520 | |a Slovensko a voľby do Európskeho parlamentu 2019. Význam volieb pre krajinu. Pridelené mandáty. Vývoj na slovenskej politickej scéne v blízkej budúcnosti. | ||
| 610 | 2 | 0 | |a voľby |
| 610 | 2 | 0 | |a parlamenty |
| 610 | 2 | 0 | |a politika |
| 610 | 2 | 0 | |a Slovensko |
| 610 | 2 | 0 | |a Európska únia |
| 100 | 1 | |a Ondriaš, Juraj, 1988- | |